[Event "2021 Adv Chess Server Champ., X21019"]
[Site "CCLA"]
[Date "2021.04.23"]
[Round "?"]
[White "Caliguire, John J."]
[Black "Edwards, K. E. D. G."]
[Result "1/2-1/2"]
[WhiteElo "2245"]
[BlackElo "2325"]

1. e4 c5 2. Ne2 Nf6 3. Nbc3 d6 4. d4 cxd4 5. Nxd4 a6 6. Bc4 e6 7. a3 b5 8.
 Bb3 Bb7 9. Qe2 Nbd7 10. Bd2 g6 11. O-O-O Nc5 12. Kb1 Rc8 13. e5 dxe5 14. 
Qxe5 Bd6 15. Qe2 Nxb3 16. Nxb3 Qc7 17. Bg5 Be7 18. f3 O-O 19. Qe3 Rfd8 20.
 Bf4 Bd6 21. Bg5 Be7 22. Bf4 Bd6 23. Bg5 Kg7 24. Rhe1 Ba8 25. Rd2 Be7 26. 
Bf4 Qc6 27. Red1 Kg8 28. Be5 Qe8 29. Qa7 Nd5 30. Qxa6 Nxc3+ 31. Bxc3 Bd5 
32. Rd3 Rb8 33. Be5 Ra8 34. Qb6 Rdc8 35. Bc3 Bf8 36. g3 b4 37. axb4 Qa4 
38. Rxd5 exd5 39. Qd4 Rxc3 40. bxc3 Bh6 41. f4 Bg7 42. Qe3 Qa2+ 43. Kc1 
Qa3+ 44. Kd2 Rc8 45. Nd4 Bf6 46. Rb1 Rc4 47. Rb3 Qa1 48. Qe1 Qa8 49. Qe3 
Qa1 50. Qe1 Qa8 51. Nf3 Re4 52. Qg1 Qa4 53. Ng5 1/2-1/2

[Event "2021 Adv Chess Server Champ., X21019"]
[Site "CCLA"]
[Date "2021.04.23"]
[Round "?"]
[White "Caliguire, John J."]
[Black "Haase, F. Philip"]
[Result "1/2-1/2"]
[WhiteElo "2245"]
[BlackElo "2217"]

1. e4 c5 2. Nf3 d6 3. Bb5+ Bd7 4. Bxd7+ Qxd7 5. c4 Nc6 6. d4 cxd4 7. Nxd4 
Nf6 8. Nc3 g6 9. f3 Bg7 10. Be3 O-O 11. O-O a6 12. a4 e6 13. Nde2 Qc7 14. 
Rb1 Rad8 15. Qd2 Rfe8 16. Bf2 Nb4 17. Rfc1 Nd7 18. Nd5 exd5 19. cxd5 Qa5 
20. Rc4 Nc6 21. b4 Qxa4 22. dxc6 bxc6 23. Nc3 Bxc3 24. Qxc3 d5 25. exd5 
cxd5 26. Rc7 Ne5 27. h3 Qb5 28. Bd4 Qd3 29. Rc1 Qxc3 30. R1xc3 Nc4 31. Rc1
Rc8 32. Ra7 Ra8 33. Rd7 Red8 34. Rc7 Rac8 35. Ra7 1/2-1/2

[Event "2021 Adv Chess Server Champ., X21019"]
[Site "CCLA"]
[Date "2021.04.23"]
[Round "?"]
[White "Caliguire, John J."]
[Black "Harris, Timothy"]
[Result "1/2-1/2"]
[WhiteElo "2245"]
[BlackElo "2259"]

1. Nf3 d5 2. d4 Nf6 3. c4 e6 4. g3 Bb4+ 5. Bd2 Be7 6. Bg2 O-O 7. O-O c6 8.
 Qc2 b6 9. Rd1 Nbd7 10. Bf4 Bb7 11. Ne5 Nh5 12. Bd2 Nhf6 13. cxd5 cxd5 14.
 Nc6 Qe8 15. Nxe7+ Qxe7 16. Qc7 Rfb8 1/2-1/2

[Event "2021 Adv Chess Server Champ., X21019"]
[Site "CCLA"]
[Date "2021.04.23"]
[Round "?"]
[White "Caliguire, John J."]
[Black "Owens, Johnny"]
[Result "1/2-1/2"]
[WhiteElo "2245"]
[BlackElo "2174"]

1. c4 e5 2. g3 Nf6 3. Bg2 c6 4. Nf3 e4 5. Nd4 Qb6 6. e3 d5 7. Nc3 Bg4 8. 
Qb3 Qxb3 9. axb3 Bb4 10. d3 exd3 11. Bd2 dxc4 12. Ncb5 Bxd2+ 13. Kxd2 Bh3 
14. Bxh3 cxb5 15. f3 Nbd7 16. Nxb5 O-O 17. bxc4 Ne5 18. Kc3 Nxf3 19. Bg2 
Ne5 20. Nd6 Rab8 21. Rxa7 b6 22. Re7 Ng6 23. Rc7 Ne5 24. h3 Rfd8 25. Nb5 
Kf8 26. b3 Ne8 27. Ra7 Nd6 28. Nd4 Rbc8 29. Rf1 Kg8 30. Ra6 h5 31. Rd1 g6 
32. Kb4 Kf8 33. Bd5 b5 34. Nxb5 Nf5 35. e4 Nxg3 36. Kc3 Rb8 37. Kd2 Rd7 
38. Ke3 g5 39. Nd4 Re8 40. Rda1 h4 41. c5 d2 42. R6a4 Rxd5 43. exd5 Nc4+ 
44. Kd3 Nb2+ 45. Kxd2 Ne4+ 46. Kc2 Nxa4 47. bxa4 Nxc5 48. Kc3 Ne4+ 49. Kc4
Ke7 50. a5 Rc8+ 51. Nc6+ Kd6 52. Kd4 Nc3 53. a6 Nxd5 1/2-1/2

[Event "2021 Adv Chess Server Champ., X21019"]
[Site "CCLA"]
[Date "2021.04.23"]
[Round "?"]
[White "Caliguire, John J."]
[Black "Waitkus, Jay"]
[Result "1-0"]
[WhiteElo "2245"]
[BlackElo "2227"]

1. e4 e5 2. Nf3 Nc6 3. Bb5 a6 4. Ba4 Nf6 5. O-O Be7 6. Bxc6 dxc6 7. d3 Qd6
8. Nbd2 Be6 9. Ng5 g6 10. Nxe6 Qxe6 11. Nc4 h5 12. Qe1 h4 13. h3 b5 14. 
Na5 c5 15. a3 Nh5 16. Be3 Nf4 17. Bxf4 exf4 18. Qe2 Bf6 19. c3 O-O 20. Qg4
Qd6 21. Rad1 Rfe8 22. Qf3 Qb6 23. Nb3 c4 24. Nc1 g5 25. d4 Qc6 26. Rde1 
Bg7 27. g3 fxg3 28. fxg3 Re7 29. gxh4 gxh4 30. Qf5 Qe6 31. Rf4 Qxf5 32. 
Rxf5 Rae8 33. Rf4 c5 34. dxc5 Rd8 35. Ne2 Rd2 36. Rg4 Kf8 37. Nf4 Rxb2 38.
 Rf1 Bxc3 39. c6 Bd4+ 40. Kh1 Rf2 41. Rd1 Rxf4 42. Rxf4 Bb6 43. e5 Ke8 44.
 Rxh4 Rc7 45. Rh6 Be3 46. Rh8+ Ke7 47. Rdd8 Ke6 48. Rhe8+ Kf5 49. e6 fxe6 
50. Rc8 Rxc8 51. Rxc8 Bb6 52. Kg2 Ke4 53. Kf1 Kd3 54. Rg8 Bc7 55. Rf8 c3 
56. Rf3+ Kc4 57. Ke2 a5 58. h4 b4 59. h5 b3 60. Kd1 Bd8 61. Rxc3+ Kxc3 62.
 Kc1 Bc7 63. h6 Be5 64. h7 Kd3 65. c7 b2+ 66. Kb1 Bxc7 67. h8=Q Bb6 68. 
Qxb2 Bc5 69. Qb5+ Kd4 70. Qxa5 Bd6 71. Kc2 1-0

[Event "2021 Adv Chess Server Champ., X21019"]
[Site "CCLA"]
[Date "2021.04.23"]
[Round "?"]
[White "Edwards, K. E. D. G."]
[Black "Caliguire, John J."]
[Result "1/2-1/2"]
[WhiteElo "2325"]
[BlackElo "2245"]

1. e4 c6 2. d4 d5 3. e5 Bf5 4. Nf3 e6 5. Be2 Ne7 6. O-O c5 7. c4 dxc4 8. 
Na3 Nbc6 9. Nxc4 Nd5 10. Bg5 Qd7 11. Rc1 h6 12. Be3 b5 13. Na3 a6 14. dxc5
Be7 15. Nc2 Nxe3 16. Nxe3 Be4 17. Qe1 O-O 18. a3 Rad8 19. b4 Bxf3 20. Bxf3
Nxe5 21. Be2 Nd3 22. Bxd3 Qxd3 23. Rc3 Qe4 24. h3 Rd4 25. Nc2 Qxe1 26. 
Rxe1 Rd2 27. Ne3 Rfd8 28. Ng4 Kf8 29. g3 Ke8 30. Ree3 h5 31. Ne5 Bf6 32. 
h4 R8d5 33. c6 Kd8 34. Nxf7+ Kc7 35. Rc1 Bb2 36. Rce1 e5 37. Kg2 R2d3 38. 
Rb1 Bxa3 39. Rxd3 Rxd3 40. Nxe5 Rd4 41. Ra1 Bxb4 42. Rxa6 Bc5 43. Ra5 Rd5 
44. Rxb5 Rxe5 45. Rb7+ Kxc6 46. Rxg7 Kd6 47. Rg6+ Ke7 48. Rg5 Rxg5 49. 
hxg5 Ke6 50. f4 Kf5 51. Kh3 Bf2 52. Kh4 1/2-1/2

[Event "2021 Adv Chess Server Champ., X21019"]
[Site "CCLA"]
[Date "2021.04.23"]
[Round "?"]
[White "Edwards, K. E. D. G."]
[Black "Haase, F. Philip"]
[Result "1/2-1/2"]
[WhiteElo "2325"]
[BlackElo "2217"]

1. e4 c5 2. Nf3 d6 3. d4 cxd4 4. Nxd4 Nf6 5. Nc3 a6 6. Bg5 e6 7. f4 Qb6 8.
 Qd2 Qxb2 9. Rb1 Qa3 10. e5 h6 11. Bh4 dxe5 12. fxe5 Nd5 13. Nxd5 exd5 14.
 e6 Bxe6 15. Nxe6 fxe6 16. Bd3 Be7 17. Bg6+ Kd8 18. Bxe7+ Qxe7 19. O-O Nd7
20. Rf7 Qc5+ 21. Kh1 Rc8 22. Qe1 Rf8 23. Qxe6 Rxf7 24. Qxf7 Qe7 25. Qxd5 
Qe5 26. Qf7 Qe7 27. Qxe7+ Kxe7 28. Rxb7 Kf6 29. Bh7 Rd8 30. h3 g6 31. Bg8 
Rxg8 32. Rxd7 Rc8 33. Rd6+ Kg5 34. Rxa6 Rxc2 35. Ra3 h5 36. Kh2 h4 37. Ra8
Rc1 38. Ra5+ Kh6 39. Ra4 Kh5 40. Ra6 Ra1 41. Ra8 Kg5 42. Ra5+ Kf4 43. a3 
g5 44. Ra8 Ke5 45. a4 Ke4 46. a5 Kf5 47. a6 Kg6 48. g4 hxg3+ 49. Kxg3 Ra2 
50. a7 Kh7 51. Kg4 Ra5 52. Kh5 Ra4 53. Kxg5 Ra2 54. h4 Ra4 55. h5 Ra1 56. 
Kf6 Ra6+ 57. Ke5 Kg7 58. Kd5 Ra3 59. Kc5 Ra6 60. Kb5 Ra1 61. Kc6 Rc1+ 62. 
Kd6 Ra1 63. Kc6 Kh7 64. h6 Rc1+ 65. Kb6 Rb1+ 66. Ka5 Ra1+ 67. Kb6 Rb1+ 68.
 Ka5 Ra1+ 69. Kb6 Rb1+ 1/2-1/2

[Event "2021 Adv Chess Server Champ., X21019"]
[Site "CCLA"]
[Date "2021.04.23"]
[Round "?"]
[White "Edwards, K. E. D. G."]
[Black "Harris, Timothy"]
[Result "1/2-1/2"]
[WhiteElo "2325"]
[BlackElo "2259"]

1. d4 Nf6 2. c4 e6 3. g3 Bb4+ 4. Bd2 Be7 5. Nf3 d5 6. Bg2 O-O 7. O-O c6 8.
 Qc2 Nbd7 9. Rc1 a5 10. a4 Ne4 11. Be3 b6 12. cxd5 cxd5 13. Na3 Bxa3 14. 
Rxa3 Ba6 15. Qd1 Rc8 16. Rxc8 Qxc8 17. Nd2 Qb7 18. Nxe4 dxe4 19. Rc3 Nf6 
20. Qc2 Qd5 21. h3 h6 22. b3 Rd8 23. Rc7 Qa8 24. Qd2 Rc8 25. Rxc8+ Qxc8 
26. d5 Nxd5 27. Bxe4 Nxe3 28. Qxe3 Qd8 29. Bf3 Qd1+ 30. Kg2 Qd8 31. Qf4 b5
32. h4 Qb6 33. h5 bxa4 34. Qxa4 Bb5 35. Qe4 Be8 36. Qc4 f5 37. Qc8 Kf7 38.
 Qc3 a4 39. bxa4 Bxa4 40. e4 Bd7 41. Qe5 Kf8 42. Kg1 Kf7 43. exf5 exf5 44.
 Bd5+ Kf8 45. Kg2 Qc5 46. Qb8+ 1/2-1/2

[Event "2021 Adv Chess Server Champ., X21019"]
[Site "CCLA"]
[Date "2021.04.23"]
[Round "?"]
[White "Edwards, K. E. D. G."]
[Black "Owens, Johnny"]
[Result "1/2-1/2"]
[WhiteElo "2325"]
[BlackElo "2174"]

1. e4 d5 2. exd5 Qxd5 3. Nc3 Qd6 4. d4 Nf6 5. Nf3 c6 6. Ne5 g6 7. Bf4 Nh5 
8. Be3 Bg7 9. Bc4 Bxe5 10. dxe5 Qxd1+ 11. Rxd1 Ng7 12. f4 h5 13. h3 Bf5 
14. Rd2 Nd7 15. O-O Ne6 16. Rfd1 Nb6 17. Bb3 Nc7 18. Kf2 Nbd5 19. Nxd5 
Nxd5 20. Bxd5 cxd5 21. Rxd5 Bxc2 22. R1d2 Be4 23. Rd7 Bc6 24. Rc7 Rd8 25. 
h4 O-O 26. Rc2 f6 27. Rxe7 fxe5 28. Rxe5 Rd5 29. Rxd5 Bxd5 30. a3 a6 31. 
Rc7 Bc6 32. g3 Rf7 33. Rc8+ Rf8 34. Rxf8+ Kxf8 35. Bd2 Ke7 36. f5 gxf5 37.
 Ke3 Kd6 38. Kf4 Ke6 39. Kg5 Bf3 40. Bc3 Bg4 41. Bd4 Kd5 1/2-1/2

[Event "2021 Adv Chess Server Champ., X21019"]
[Site "CCLA"]
[Date "2021.04.23"]
[Round "?"]
[White "Edwards, K. E. D. G."]
[Black "Waitkus, Jay"]
[Result "1/2-1/2"]
[WhiteElo "2325"]
[BlackElo "2227"]

1. d4 Nf6 2. c4 e6 3. g3 Be7 4. Nf3 d5 5. Bg2 O-O 6. Qc2 c5 7. O-O Nc6 8. 
dxc5 d4 9. Rd1 Bxc5 10. a3 a5 11. Nc3 e5 12. Bg5 h6 13. Bxf6 Qxf6 14. Nd5 
Qd6 15. Rac1 Be6 16. e3 Rac8 17. Qb1 dxe3 18. Nf6+ gxf6 19. Rxd6 exf2+ 20.
 Kf1 Bxd6 21. Nh4 Bc5 22. Bd5 Bh3+ 23. Bg2 Bd7 24. Rd1 Rfd8 25. Rd5 Ne7 
26. Rxd7 Rxd7 27. Bh3 f5 28. Nxf5 Rc6 29. Nxh6+ Rxh6 30. Bxd7 Rxh2 31. Qe4
b6 32. b4 Bd4 33. Bh3 Kg7 34. Qg4+ Kh6 35. Bg2 Rh5 36. Qf3 axb4 37. axb4 
Nf5 38. g4 Ne3+ 39. Ke2 Rh2 40. Qf6+ Kh7 41. Qxf7+ Kh6 42. Qf6+ Kh7 43. 
Qe7+ Kg8 44. Qd8+ Kf7 45. Bd5+ Kg6 46. Be4+ Kf7 47. Qc7+ Kf6 48. g5+ Kxg5 
49. Qg7+ Kf4 50. Qf7+ Kg3 51. Qf3+ Kh4 52. Qf6+ Kg3 53. Qf3+ Kh4 54. Qf6+ 
1/2-1/2

[Event "2021 Adv Chess Server Champ., X21019"]
[Site "CCLA"]
[Date "2021.04.23"]
[Round "?"]
[White "Haase, F. Philip"]
[Black "Caliguire, John J."]
[Result "1/2-1/2"]
[WhiteElo "2217"]
[BlackElo "2245"]

1. e4 c5 2. Nf3 e6 3. d4 cxd4 4. Nxd4 Nf6 5. Nc3 Nc6 6. Ndb5 Bb4 7. a3 
Bxc3+ 8. Nxc3 d5 9. exd5 exd5 10. Bd3 O-O 11. O-O Bg4 12. f3 Bh5 13. Bg5 
Qb6+ 14. Kh1 Ne4 15. Nxe4 dxe4 16. Bxe4 Qxb2 17. Qb1 Qb6 18. Qxb6 axb6 19.
 Be3 Bg6 20. Bxg6 hxg6 21. Bxb6 Ra4 22. Bc5 Rfa8 23. Rfb1 R4a5 24. Bg1 
Rxa3 25. Rxa3 Rxa3 26. Rxb7 Ra2 27. c4 Rc2 28. c5 g5 29. h3 f6 30. Rc7 Ne5
31. Be3 Nc4 32. Bd4 Rd2 33. Bg1 Rc2 34. Rd7 Ne5 35. Rd6 Kf7 36. Rd1 Ng6 
1/2-1/2

[Event "2021 Adv Chess Server Champ., X21019"]
[Site "CCLA"]
[Date "2021.04.23"]
[Round "?"]
[White "Haase, F. Philip"]
[Black "Edwards, K. E. D. G."]
[Result "1/2-1/2"]
[WhiteElo "2217"]
[BlackElo "2325"]

1. e4 c5 2. Nf3 d6 3. d4 cxd4 4. Nxd4 Nf6 5. Nc3 a6 6. Be3 e5 7. Nb3 Be6 
8. f3 Be7 9. Qd2 h5 10. O-O-O Nbd7 11. Nd5 Nxd5 12. exd5 Bf5 13. Kb1 O-O 
14. Bd3 Bxd3 15. Qxd3 Bg5 16. g4 hxg4 17. fxg4 Bxe3 18. Qxe3 Nb6 19. Qe4 
Rc8 20. Nd2 Qd7 21. Qd3 Na4 22. h4 Qxg4 23. Rhg1 Qb4 24. Nb3 f5 25. Rg6 
Rf7 26. Rdg1 Qe4 27. Rxd6 Qxd3 28. cxd3 f4 29. Re6 Rd8 30. Rxe5 Nb6 31. 
Nd2 Nxd5 32. Nf3 Ne3 33. d4 Nc4 34. Re6 Ne3 35. h5 Kf8 36. h6 gxh6 37. 
Rxh6 Rd5 38. Rc1 Nf5 39. Rh5 Ke7 40. Ne5 Rf6 41. Rh7+ Ke6 42. Re1 Ne3 43. 
Ng4 Rf7 44. Rh6+ Kf5 45. Nxe3+ fxe3 46. Rxe3 Rxd4 47. Rh2 Rfd7 48. a3 Rd2 
49. Rh5+ Kf4 50. Rb3 Rd1+ 51. Ka2 R1d6 52. Rh4+ Ke5 53. Rh5+ Kd4 54. Rb4+ 
Ke3 55. Rg4 Kf3 56. Rc4 Rd4 57. Rc1 Rd1 58. Rcc5 Ke3 59. Rce5+ Kd4 60. Ra5
Kd3 61. Rh4 Rc7 62. Rh2 Rd7 63. Rh4 Rc7 64. Rh2 Rd7 65. Kb3 Ke3 66. Rh3+ 
Ke4 67. Rh4+ Ke3 1/2-1/2

[Event "2021 Adv Chess Server Champ., X21019"]
[Site "CCLA"]
[Date "2021.04.23"]
[Round "?"]
[White "Haase, F. Philip"]
[Black "Harris, Timothy"]
[Result "1/2-1/2"]
[WhiteElo "2217"]
[BlackElo "2259"]

1. e4 e5 2. Nf3 Nc6 3. Bb5 Nf6 4. O-O Nxe4 5. d4 Nd6 6. Bxc6 dxc6 7. dxe5 
Nf5 8. Qe2 Nd4 9. Nxd4 Qxd4 10. h3 Be6 11. Rd1 Qc4 12. Rd3 Rd8 13. b3 Qh4 
14. Rxd8+ Kxd8 15. Nd2 Kc8 16. Ne4 h6 17. Bd2 Bc5 18. Rd1 Qe7 19. Kh2 Rd8 
20. g4 b5 21. a4 a6 22. f4 Bb6 23. Rf1 Bd5 24. Nc3 Qc5 25. Be1 Ba5 26. 
Nxd5 Bxe1 27. Rxe1 Rxd5 28. f5 Qc3 29. e6 fxe6 30. Qxe6+ Kb7 31. Re2 Rd2 
32. axb5 axb5 33. Qe4 Rd1 34. Qe3 Qa1 35. Kg3 Rg1+ 36. Rg2 Rf1 37. Rf2 
Rg1+ 38. Rg2 Rf1 39. Rf2 Rg1+ 40. Kh2 Rh1+ 41. Kg3 Rg1+ 42. Rg2 Rf1 
1/2-1/2

[Event "2021 Adv Chess Server Champ., X21019"]
[Site "CCLA"]
[Date "2021.04.23"]
[Round "?"]
[White "Haase, F. Philip"]
[Black "Waitkus, Jay"]
[Result "1-0"]
[WhiteElo "2217"]
[BlackElo "2227"]

1. e4 e5 2. Nf3 Nc6 3. Bb5 a6 4. Ba4 Nf6 5. O-O Be7 6. Re1 b5 7. Bb3 d6 8.
 c3 Na5 9. Bc2 c5 10. d4 Qc7 11. d5 O-O 12. b3 Bd7 13. Be3 Ng4 14. Bc1 g6 
15. h3 Nf6 16. Be3 Nb7 17. c4 b4 18. Kh1 a5 19. Bh6 Rfe8 20. a4 Nh5 21. 
Rg1 Bf6 22. Nbd2 Nf4 23. h4 Bg7 24. Bxg7 Kxg7 25. Qe1 Nd8 26. g3 Nh3 27. 
Rg2 f6 28. Rh2 Nf7 29. Bd3 Qc8 30. Bf1 h5 31. Qe3 Nh6 32. Qe2 Rh8 33. Bg2 
Ra7 34. Nf1 Bg4 35. N1d2 Bd7 36. Nf1 Bg4 37. N1d2 Bd7 38. Nf1 Bg4 39. Ne3 
Re7 40. Re1 Rhe8 41. Nc2 Bd7 42. Nd2 Rf8 43. f3 Ref7 44. Qf1 Ng5 45. hxg5 
fxg5 46. Qe2 Qd8 47. Rf1 g4 48. Kg1 gxf3 49. Bxf3 Qg5 50. Kg2 Rf4 51. Qe3 
R8f7 52. Rhh1 Rf8 53. Ne1 Nf7 54. Rfg1 Rf6 55. Kf2 Bg4 56. Rf1 Bd7 57. 
Rfg1 Qh6 58. Qxh6+ Nxh6 59. Ke2 Bg4 60. Rh4 R6f7 61. Rhh1 Bd7 62. Ng2 Kf6 
63. Ne3 Kg5 64. Rh2 Bc8 65. Re1 Kf6 66. Ra1 Kg5 67. Rg1 Bd7 68. Re1 Kf6 
69. Rg1 Kg5 70. Rgh1 Ng4 71. Bxg4 Bxg4+ 72. Nxg4 Kxg4 73. Rg2 Kg5 74. Rf1 
Rxf1 75. Nxf1 Rh8 76. Rh2 Kf6 77. Kf2 Rf8 78. Kf3 Kg5+ 79. Kg2 Re8 80. Rh1
Rh8 81. Ne3 Rd8 82. Rf1 Rh8 83. Kh3 Rh7 84. Ng2 Rg7 85. Rf8 Kh6 86. Rd8 
Rf7 87. Rxd6 Rf1 88. Nh4 Rh1+ 89. Kg2 Re1 90. Rxg6+ Kh7 91. d6 Rd1 92. Re6
Kg8 93. Kf2 1-0

[Event "2021 Adv Chess Server Champ., X21019"]
[Site "CCLA"]
[Date "2021.04.23"]
[Round "?"]
[White "Harris, Timothy"]
[Black "Caliguire, John J."]
[Result "1/2-1/2"]
[WhiteElo "2259"]
[BlackElo "2245"]

1. e4 c5 2. Nf3 d6 3. d4 cxd4 4. Nxd4 Nf6 5. Nc3 a6 6. Be3 e5 7. Nb3 Be6 
8. f3 Be7 9. Qd2 h5 10. Be2 Nbd7 11. Nd5 Bxd5 12. exd5 Qc7 13. Rc1 h4 14. 
O-O 1/2-1/2

[Event "2021 Adv Chess Server Champ., X21019"]
[Site "CCLA"]
[Date "2021.04.23"]
[Round "?"]
[White "Harris, Timothy"]
[Black "Edwards, K. E. D. G."]
[Result "1-0"]
[WhiteElo "2259"]
[BlackElo "2325"]

1. e4 c5 2. Nf3 d6 3. d4 cxd4 4. Nxd4 Nf6 5. Nc3 a6 6. Bg5 Nbd7 7. Bc4 Qb6
8. Bb3 e6 9. Qd2 Be7 10. O-O-O Nc5 11. f3 Bd7 12. a3 Qc7 13. Ba2 b5 14. h4
Rb8 15. b4 Na4 16. Nxa4 bxa4 17. c3 a5 18. Kb1 h6 19. Be3 h5 20. Rc1 O-O 
21. Bg5 Rfd8 22. Ka1 Rdc8 23. g4 hxg4 24. h5 Qd8 25. Qe1 Nh7 26. Bxe7 Qxe7
27. Rg1 Qf6 28. Rxg4 axb4 29. axb4 Qh6 30. Rc2 Nf6 31. Rg1 e5 32. Rg6 Qf4 
33. Ne2 Qxf3 34. h6 Nxe4 35. Qg1 Qf5 36. Rc1 Nd2 37. Rxd6 g5 38. Rxd2 1-0

[Event "2021 Adv Chess Server Champ., X21019"]
[Site "CCLA"]
[Date "2021.04.23"]
[Round "?"]
[White "Harris, Timothy"]
[Black "Haase, F. Philip"]
[Result "1-0"]
[WhiteElo "2259"]
[BlackElo "2217"]

1. e4 c5 2. Nf3 d6 3. d4 cxd4 4. Nxd4 Nf6 5. Nc3 a6 6. Be3 e5 7. Nb3 Be7 
8. f3 Be6 9. Qd2 h5 10. Nd5 Nxd5 11. exd5 Bxd5 12. Qxd5 Qc7 13. O-O-O Nd7 
14. Kb1 Rc8 15. Bd3 b5 16. f4 O-O 17. Rhe1 Nf6 18. Qf3 a5 19. Nd2 a4 20. 
Ne4 Nd5 21. Qxh5 Qd7 22. fxe5 g6 23. Qh6 dxe5 24. Ng5 Bxg5 25. Bxg5 Rcd8 
26. Bxg6 f6 27. Rxd5 Qg7 28. Rxd8 Rxd8 29. Qh5 fxg5 30. Rf1 Rf8 31. Bh7+ 
Qxh7 32. Rxf8+ Kxf8 33. Qxh7 e4 34. Kc1 e3 35. Kd1 b4 36. Ke2 g4 37. Kxe3 
g3 38. hxg3 b3 39. axb3 axb3 40. cxb3 Ke8 41. Ke4 Kd8 42. Kd5 Kc8 43. Kc6 
Kd8 44. Qd7# 1-0

[Event "2021 Adv Chess Server Champ., X21019"]
[Site "CCLA"]
[Date "2021.04.23"]
[Round "?"]
[White "Harris, Timothy"]
[Black "Owens, Johnny"]
[Result "1-0"]
[WhiteElo "2259"]
[BlackElo "2174"]

1. e4 d5 2. exd5 Qxd5 3. Nc3 Qd6 4. Nf3 Nf6 5. d4 c6 6. Ne5 Nbd7 7. Nc4 
Qc7 8. a4 Nb6 9. Ne5 Bf5 10. a5 Nbd7 11. Bf4 Nxe5 12. Bxe5 Qd7 13. a6 b6 
14. Qf3 Bxc2 15. Rc1 Bb3 16. Bb5 Rc8 17. O-O cxb5 18. Qb7 Rd8 19. Nxb5 
Qxb5 20. Rc8 Nd5 21. Rxd8+ Kxd8 22. Qxa7 f6 23. Qb8+ Kd7 24. a7 g5 25. 
a8=Q Bg7 26. Qbb7+ Ke6 27. Qc6+ Qxc6 28. Qxc6+ Kf7 29. Qb5 fxe5 30. Qxb3 
Rd8 31. dxe5 Bxe5 32. Rd1 e6 33. Qh3 1-0

[Event "2021 Adv Chess Server Champ., X21019"]
[Site "CCLA"]
[Date "2021.04.23"]
[Round "?"]
[White "Harris, Timothy"]
[Black "Waitkus, Jay"]
[Result "1-0"]
[WhiteElo "2259"]
[BlackElo "2227"]

1. e4 e5 2. Nf3 Nc6 3. Bb5 a6 4. Ba4 Nf6 5. O-O Be7 6. Re1 b5 7. Bb3 d6 8.
 c3 Na5 9. Bc2 c5 10. d4 Qc7 11. d5 O-O 12. b3 Bd7 13. h3 g6 14. Kh2 Nh5 
15. Bh6 Rfb8 16. Be3 Nb7 17. Nbd2 c4 18. bxc4 Nc5 19. Qe2 Kg7 20. Reb1 Nf4
21. Qf1 g5 22. Ne1 h6 23. Nd3 Nfxd3 24. Bxd3 Qa5 25. Be2 Qxc3 26. Qd1 Qa3 
27. Bg4 Be8 28. Qf3 Qd3 29. cxb5 axb5 30. Bf5 f6 31. Rd1 Qa3 32. Rac1 Qxa2
33. Nf1 b4 34. Ng3 b3 35. Bg4 Qa7 36. Bxc5 dxc5 37. d6 Bf8 38. d7 Bg6 39. 
Nf5+ Kh7 40. h4 b2 41. Rb1 Qa2 42. h5 Bf7 43. Nd6 Be7 44. Rd5 Qxb1 45. 
Nxf7 Kg7 46. Qf5 Ra1 47. Rd1 Kf8 48. Nxh6 Qxe4 49. Qxe4 b1=Q 50. Rxb1 
Rbxb1 51. Qg6 Rh1+ 52. Kg3 Rh3+ 53. Kxh3 Rh1+ 54. Kg3 Rh3+ 55. Bxh3 c4 56.
 Qg8# 1-0

[Event "2021 Adv Chess Server Champ., X21019"]
[Site "CCLA"]
[Date "2021.04.23"]
[Round "?"]
[White "Owens, Johnny"]
[Black "Caliguire, John J."]
[Result "1/2-1/2"]
[WhiteElo "2174"]
[BlackElo "2245"]

1. Nf3 d5 2. b3 Bf5 3. Bb2 e6 4. d3 h6 5. g3 Nf6 6. Bg2 Be7 7. Nc3 O-O 8. 
O-O a6 9. e4 dxe4 10. dxe4 Qxd1 11. Raxd1 Nxe4 12. Nd4 Nxc3 13. Nxf5 Bf6 
14. Bxc3 Bxc3 15. Ne7+ Kh8 16. Nc8 Nc6 17. Bxc6 bxc6 18. Ne7 c5 19. Nc6 a5
20. Rd3 Ra6 21. Rxc3 Rxc6 22. Re1 Rd8 23. Re4 Rd5 24. Ra4 Ra6 1/2-1/2

[Event "2021 Adv Chess Server Champ., X21019"]
[Site "CCLA"]
[Date "2021.04.23"]
[Round "?"]
[White "Owens, Johnny"]
[Black "Edwards, K. E. D. G."]
[Result "1-0"]
[WhiteElo "2174"]
[BlackElo "2325"]

1. Nf3 Nf6 2. b3 g6 3. Bb2 Bg7 4. d4 O-O 5. e3 b6 6. Be2 Bb7 7. O-O e6 8. 
c4 c5 9. Nc3 cxd4 10. Nxd4 a6 11. Rc1 Qc7 12. Qd2 Rd8 13. Rfd1 d6 14. Nf3 
Ne8 15. Ba3 Bf8 16. e4 Nd7 17. Nd4 Rac8 18. f3 Nef6 19. Kh1 Ne5 20. Qe3 h5
21. Qf2 Qb8 22. Qe3 Kh7 23. Qf4 Ned7 24. Qh4 Be7 25. Qf2 Kg8 26. Bf1 Nc5 
27. Bb2 Bf8 28. b4 Ncd7 29. Na4 Bg7 30. h3 Rc7 31. a3 Bc6 32. Nc3 Rdc8 33.
 b5 axb5 34. Ndxb5 Bxb5 35. Nxb5 Rc6 36. Rb1 Nc5 37. Qh4 Nfd7 38. Bc1 Bf6 
39. Qe1 Rd8 40. Bf4 Ne5 41. Bh2 g5 42. Qe3 Rd7 43. g3 Na4 44. g4 Nxc4 45. 
Bxc4 Rxc4 46. Qb3 Qc8 47. Nxd6 Rxd6 48. Rxd6 hxg4 49. hxg4 Kg7 50. Re1 Qa6
51. Qe3 Qb5 52. Qe2 Nc3 53. Rxb6 Qc5 54. Qe3 Bd4 55. Qd3 Nb5 56. Rb8 Qxa3 
57. Qf1 Na7 58. Rd1 Nc6 59. Rc8 Qc3 60. Bg1 Bxg1 61. Qh3 1-0

[Event "2021 Adv Chess Server Champ., X21019"]
[Site "CCLA"]
[Date "2021.04.23"]
[Round "?"]
[White "Owens, Johnny"]
[Black "Harris, Timothy"]
[Result "1/2-1/2"]
[WhiteElo "2174"]
[BlackElo "2259"]

1. Nf3 d5 2. b3 Bf5 3. Bb2 e6 4. g3 Nf6 5. d3 h6 6. Bg2 Be7 7. Nc3 O-O 8. 
O-O c6 9. Nd2 Bg6 10. e4 c5 11. h3 Nc6 12. exd5 exd5 13. Ne2 Bh7 14. Nf4 
Rc8 15. Qf3 Nd4 16. Qd1 Bd6 17. Ne2 Nxe2+ 18. Qxe2 Re8 19. Qd1 Rc7 20. Re1
Rxe1+ 21. Qxe1 Re7 22. Qd1 Be5 23. Bxe5 Rxe5 24. Nf1 b6 25. Qd2 Re8 26. 
Re1 Rxe1 27. Qxe1 Qd6 28. Qd1 g5 1/2-1/2

[Event "2021 Adv Chess Server Champ., X21019"]
[Site "CCLA"]
[Date "2021.04.23"]
[Round "?"]
[White "Owens, Johnny"]
[Black "Waitkus, Jay"]
[Result "1/2-1/2"]
[WhiteElo "2174"]
[BlackElo "2227"]

1. Nf3 Nf6 2. b3 d5 3. Bb2 c6 4. e3 Bf5 5. Be2 Nbd7 6. Nh4 Bg6 7. O-O e5 
8. f4 exf4 9. exf4 Ne4 10. g3 Be7 11. f5 Bxh4 12. gxh4 Qxh4 13. d3 Ng5 14.
 Nd2 Nh3+ 15. Kh1 Nf2+ 16. Rxf2 Qxf2 17. fxg6 hxg6 18. Nf3 O-O-O 19. Qf1 
Qxf1+ 20. Rxf1 Rde8 21. Bd1 f6 22. Kg2 g5 23. Bc3 Rh7 24. h3 Kc7 25. Ba5+ 
Kd6 26. Nd4 g6 27. Nf3 c5 28. Be1 Nf8 29. Ng1 f5 30. Bg3+ Kc6 31. Bf3 Nd7 
32. c4 Nf6 33. cxd5+ Kd7 34. Rc1 Nh5 35. Bxh5 gxh5 36. Rxc5 f4 37. Bf2 g4 
38. d6 Rhh8 39. Rc7+ Ke6 40. d7 1/2-1/2

[Event "2021 Adv Chess Server Champ., X21019"]
[Site "CCLA"]
[Date "2021.04.23"]
[Round "?"]
[White "Waitkus, Jay"]
[Black "Caliguire, John J."]
[Result "1/2-1/2"]
[WhiteElo "2227"]
[BlackElo "2245"]

1. e4 c5 2. Nf3 d6 3. d4 cxd4 4. Nxd4 Nf6 5. Nc3 g6 6. Be3 Bg7 7. f3 Nc6 
8. Qd2 Bd7 9. g4 Rc8 10. O-O-O h5 11. g5 Nh7 12. f4 O-O 13. Be2 Qa5 14. 
Kb1 Nxd4 15. Bxd4 e5 16. fxe5 Bxe5 17. Bxe5 Qxe5 18. h4 Bc6 19. Bc4 Kg7 
20. Rhg1 Rce8 21. a3 f6 22. gxf6+ Rxf6 23. Rg2 Qf4 24. Qe1 Nf8 25. Re2 Nd7
26. Nd5 Bxd5 27. Bxd5 Nc5 28. Qa5 Qxh4 29. Qxa7 Qg4 30. Ree1 Kh6 31. b4 
Nxe4 32. Qe3+ Rf4 33. Bxb7 Qf5 34. Qd3 h4 35. Ka2 Re7 36. Rxe4 Rfxe4 37. 
Bxe4 Qxe4 38. Qxe4 Rxe4 39. b5 g5 40. Rxd6+ Kh5 41. Rd8 Re6 42. a4 h3 43. 
Rh8+ Rh6 44. Rxh6+ Kxh6 45. b6 h2 46. b7 h1=Q 47. b8=Q Qc6 48. Qb3 g4 49. 
a5 Qe4 50. a6 g3 51. Qb6+ Kh5 52. Qc5+ Kh4 53. a7 g2 54. Ka3 Qf3+ 55. c3 
Qb7 56. Qd4+ Kg3 57. Qe3+ Kh4 58. c4 1/2-1/2

[Event "2021 Adv Chess Server Champ., X21019"]
[Site "CCLA"]
[Date "2021.04.23"]
[Round "?"]
[White "Waitkus, Jay"]
[Black "Edwards, K. E. D. G."]
[Result "1/2-1/2"]
[WhiteElo "2227"]
[BlackElo "2325"]

1. e4 c5 2. Nf3 d6 3. d4 cxd4 4. Nxd4 Nf6 5. Nc3 a6 6. Be3 e5 7. Nb3 Be6 
8. Be2 Be7 9. Nd5 Nxd5 10. exd5 Bc8 11. O-O Nd7 12. a4 f5 13. f4 O-O 14. 
a5 Bf6 15. c4 exf4 16. Bxf4 Bxb2 17. Bxd6 Bxa1 18. Qxa1 Re8 19. Bf3 Qh4 
20. Qc1 Ne5 21. Bxe5 Rxe5 22. Qc3 Qe7 23. Qd4 Re1 24. d6 Qe5 25. Qxe5 Rxe5
26. Rd1 Bd7 27. Bd5+ Kf8 28. Nc5 Rd8 29. Nxb7 Rc8 30. Kf2 g5 31. c5 Ke8 
32. g3 Bb5 33. Bc4 Kd7 34. Bxb5+ axb5 35. a6 g4 36. Rc1 Kc6 37. Rd1 Kd7 
38. Kf1 h5 39. Kf2 h4 40. gxh4 f4 41. Rg1 Ree8 42. h5 b4 43. Rxg4 Rg8 44. 
Rxf4 b3 45. Rb4 Rc6 46. a7 Ra6 47. Rxb3 Rxa7 48. Rb6 Ra2+ 49. Kf3 Rc2 50. 
h4 Rh8 51. Kg4 Rg8+ 52. Kf5 Rh8 1/2-1/2